Los métodos programados y audiovisuales en la escuela primaria
Uloženo v:
| Hlavní autor: | |
|---|---|
| Médium: | Kniha |
| Jazyk: | španělština |
| Vydáno: |
Buenos Aires
Paidós
1969
|
| Edice: | Biblioteca del Educador Contemporáneo, 91
|
| Témata: | |
| Tagy: |
Přidat tag
Žádné tagy, Buďte první, kdo vytvoří štítek k tomuto záznamu!
|
MARC
| LEADER | 00000nam a2200000 a 4500 | ||
|---|---|---|---|
| 001 | UCZ9800 | ||
| 003 | CL-VaPUC | ||
| 008 | 960311e19690000AG |||||||||||||||||spa|d | ||
| 082 | 0 | 4 | |a 371.335 |b FIL |2 21 |
| 100 | 0 | |a Filep, R. T |e author |9 354675 | |
| 245 | 1 | 4 | |a Los métodos programados y audiovisuales en la escuela primaria |
| 300 | |a 132 p | ||
| 942 | |c BK | ||
| 945 | |d 19960311 00:00:00 |a lriquelm | ||
| 260 | |a Buenos Aires |b Paidós |c 1969 | ||
| 650 | 7 | |a AYUDAS AUDIOVISUALES |2 CL-VaPUC |9 339896 | |
| 650 | 0 | |a Métodos de enseñanza |9 270413 | |
| 650 | 0 | |a Tecnología educacional |9 307265 | |
| 650 | 0 | |a Educación básica |9 224933 | |
| 650 | 7 | |a TELEVISION EDUCATIVA |2 CL-VaPUC |9 310717 | |
| 583 | |a last modification |c 19960311 00:00:00 |k Rodrigo Vera | ||
| 490 | 0 | |a Biblioteca del Educador Contemporáneo, 91 | |
| 999 | |c 244865 |d 244863 | ||
| 952 | |0 0 |1 0 |4 0 |6 371_335000000000000_FIL_1969 |7 0 |8 P |9 259122 |a BIBEDU |b BIBEDU |c BIBEDU_PB |d 2019-11-19 |i 1629719 |o 371.335 FIL 1969 |p 1629719 |r 2024-01-25 |w 2019-11-19 |y BK |k EDU | ||